000 00922cam a2200253Ia 4500
999 _c1811
_d1811
001 402446
003 OCoLC
005 20230201081935.0
005 20230201081727.0
008 050103t20041980onca j 000 1 eng d
020 _a9780920236161
040 _aXCX
_cXCX
_dOUB
_dKH8
082 0 4 _a813.54 MUN
100 1 _aMunsch, Robert N.,
_d1945-
_eauthor
245 1 4 _aThe paper bag princess /
_cstory, Robert N. Munsch ; illustrations, Michael Martchenko ; [Cover design by Sheryl Shapiro]
260 _aToronto :
_bAnnick Press :
_bDistributed in Canada and the U.S.A. by Firefly Books,
_cc1980,
_g47th printing, February 2004]
300 _a[30] p. :
_bcol. ill. ;
_c21 cm.
490 1 _aMunsch for kids.
650 0 _aDragons
_vJuvenile fiction.
650 0 _aPrincesses
_vJuvenile fiction.
700 1 _aMartchenko, Michael.
_eillustrator
800 1 _aMunsch, Robert N.,
_d1945-
_tMunsch for kids.
942 _2ddc
_cNFIC